Декларация (Запись № 13470277)

Подробности
000 -МАРКЕР
контрольное поле 03985nam0a22004331 4500
001 - ИДЕНТИФИКАТОР ЗАПИСИ
контрольное поле RU\NLR\BIBL_A\022653521
005 - ИДЕНТИФИКАТОР ВЕРСИИ
контрольное поле 20260408070135.0
035 ## - ДРУГИЕ СИСТЕМНЫЕ НОМЕРА
Идентификатор записи (NLR Aleph) 022653521
100 ## - ДАННЫЕ ОБЩЕЙ ОБРАБОТКИ
Данные общей обработки 20251007i1824 m y0rusy50 ca
101 0# - ЯЗЫК РЕСУРСА
Язык текста, звукозаписи и т.д. русский
-- французский
102 ## - СТРАНА ПУБЛИКАЦИИ ИЛИ ПРОИЗВОДСТВА
Страна публикации российская федерация
105 ## - ПОЛЕ КОДИРОВАННЫХ ДАННЫХ: ТЕКСТОВЫЕ МАТЕРИАЛЫ, МОНОГРАФИЧЕСКИЕ
Кодированные данные о монографическом текстовом документе y n 000yy
200 1# - ЗАГЛАВИЕ И СВЕДЕНИЯ ОБ ОТВЕТСТВЕННОСТИ
Основное заглавие Декларация
Сведения, относящиеся к заглавию [об отмене вычета, в государственную казну производимого, за вывоз и перевод за границу наследственных и других имений иностранцев]
210 ## - ПУБЛИКАЦИЯ, РАСПРОСТРАНЕНИЕ И ДР.
Место издания, распространения и т.д. [Б. м.
Имя издателя, распространителя и т. д. Сенатская типография
Дата издания, распространения и т.д. 1824]
215 ## - ФИЗИЧЕСКАЯ ХАРАКТЕРИСТИКА
Специфическое обозначение материала и объем [4] с.
Размеры
300 ## - ОБЩИЕ ПРИМЕЧАНИЯ
Текст примечания Декларация, подписанная в следствие имен. указа от 2 июня 1823 г. (ПСЗ. Т.38. 29493)
300 ## - ОБЩИЕ ПРИМЕЧАНИЯ
Текст примечания Текст начинается словами: Его величество император всероссийский Указом, данным Правительствующему Сенату во 2-й день июня 1823 года...
300 ## - ОБЩИЕ ПРИМЕЧАНИЯ
Текст примечания Напеч. в Москве или Санкт-Петербурге, исходя из данных печат. реестра к конволюту
300 ## - ОБЩИЕ ПРИМЕЧАНИЯ
Текст примечания На с.[3-4] копия Декларации на франц. яз.
300 ## - ОБЩИЕ ПРИМЕЧАНИЯ
Текст примечания На с.[1]: перед текстом: Копия с перевода. В конце текста: С.Петербург июля 19 дня 1824 года. (Подписано) граф Нессельрод
316 ## - ПРИМЕЧАНИЯ ОБ ОСОБЕННОСТЯХ ЭКЗЕМПЛЯРА
Текст примечания Экз. РНБ (18.90.1.1-6-85) является частью владельч. конволюта. Припл. к: Указ его императорскаго величества самодержца всероссийскаго, [о рассылке Положения о доходах и расходах города Одессы и о управлении оными...] - [[Б. м.]: Сенатская типография, июль 1824]. В правом верхнем углу от руки написан номер: 215
Организация и экземпляр, к которому относится поле NLR: 18.90.1.1-6-85
482 #0 - ПРИПЛЕТЕНО К
Встроенное поле 001RU\NLR\BIBL_A\022637886
-- 2001#$aУказ его императорскаго величества самодержца всероссийскаго,$e[о рассылке Положения о доходах и расходах города Одессы и о управлении оными]$fиз Правительствующаго Сената
-- 210##$a[Б. м.$cСенатская типография$dиюль 1824]
517 1# - ДРУГИЕ ВАРИАНТЫ ЗАГЛАВИЯ
Вариант заглавия Об отмене вычета, в государственную казну производимого, за вывоз и перевод за границу наследственных и других имений иностранцев
517 1# - ДРУГИЕ ВАРИАНТЫ ЗАГЛАВИЯ
Вариант заглавия Его величество император всероссийский Указом, данным Правительствующему Сенату во 2-й день июня 1823 года
606 1# - НАИМЕНОВАНИЕ ТЕМЫ КАК ПРЕДМЕТ
Наименование темы Законодательство
Географический подзаголовок Россия
Хронологический подзаголовок 1801 - 1825
Системный номер авторитетной/нормативной записи 2280395
Идентификатор авторитетной/нормативной записи RU\NLR\AUTH\6601594564
686 ## - ИНДЕКСЫ ДРУГИХ КЛАССИФИКАЦИЙ
Индекс Х2(2)47-3
702 #0 - ИМЯ ЛИЦА - ВТОРИЧНАЯ ОТВЕТСТВЕННОСТЬ
Код отношения Подписавшее лицо
Материалы, к которым относится поле rus
Графика поля Кириллица
Начальный элемент ввода Александр
Дополнения к именам, кроме дат император российский
Римские цифры I
Даты 1777-1825
Идентификатор авторитетной/нормативной записи RU\NLR\AUTH\775342
Системный номер авторитетной/нормативной записи 115306
702 #1 - ИМЯ ЛИЦА - ВТОРИЧНАЯ ОТВЕТСТВЕННОСТЬ
Код отношения Подписавшее лицо
Графика поля Кириллица
Материалы, к которым относится поле rus
Начальный элемент ввода Нессельроде
Часть имени, кроме начального элемента ввода К.В.
Даты 1780-1862
Расширение инициалов личного имени Карл Васильевич
Системный номер авторитетной/нормативной записи 174055
Идентификатор авторитетной/нормативной записи RU\NLR\AUTH\770174106
710 01 - НАИМЕНОВАНИЕ ОРГАНИЗАЦИИ - ПЕРВИЧНАЯ ОТВЕТСТВЕННОСТЬ
Код отношения Подписавшее лицо
Начальный элемент ввода Россия
Структурное подразделение Император
Идентифицирующий признак 1801-1825; Александр I
Идентификатор авторитетной/нормативной записи RU\NLR\AUTH\8810042745
Системный номер авторитетной/нормативной записи 584940
712 02 - НАИМЕНОВАНИЕ ОРГАНИЗАЦИИ - ВТОРИЧНАЯ ОТВЕТСТВЕННОСТЬ
Код отношения Печатник (типограф)
Начальный элемент ввода Сенатская типография
Идентифицирующий признак Петербург
Идентификатор авторитетной/нормативной записи RU\NLR\AUTH\889940127
Системный номер авторитетной/нормативной записи 375085
712 02 - НАИМЕНОВАНИЕ ОРГАНИЗАЦИИ - ВТОРИЧНАЯ ОТВЕТСТВЕННОСТЬ
Код отношения Печатник (типограф)
Начальный элемент ввода Сенатская типография
Идентифицирующий признак Москва
Идентификатор авторитетной/нормативной записи RU\NLR\AUTH\889940126
Системный номер авторитетной/нормативной записи 375083
790 #1 - ИМЯ ЛИЦА - АЛЬТЕРНАТИВНАЯ ФОРМА
Связь между полями z01702
Начальный элемент ввода Нессельрод
Часть имени, кроме начального элемента ввода К.
Расширение инициалов личного имени Карл
Код отношения Подписавшее лицо
852 ## - МЕСТОНАХОЖДЕНИЕ И ШИФР ХРАНЕНИЯ
Идентификатор организации NLR
Шифр хранения (Call Number) 18.90.1.1-6-85
942 ## - ДОПОЛНИТЕЛЬНЫЕ ЭЛЕМЕНТЫ ЗАПИСИ (АБИС)
Тип экземпляра АБИС Книга
980 ## - КОЛЛЕКЦИЯ
Название коллекции Указы
980 ## - КОЛЛЕКЦИЯ
Название коллекции Национальная библиография

Нет доступных экземпляров.